| 000 | 00357nam a2200145Ia 4500 | ||
|---|---|---|---|
| 003 | OSt | ||
| 005 | 20240305140817.0 | ||
| 008 | 170523s9999 xx 000 0 und d | ||
| 020 | _a 9788120716919 | ||
| 040 | _ciimtu meerut | ||
| 100 | _aVENKKATEWARANI- RJ | ||
| 245 | 0 | _aHOW TO EXCEL IN BUSINESS JOURNALISM | |
| 260 | _bSTERLING PUBLICATION | ||
| 942 |
_2ddc _c02 |
||
| 999 |
_c440 _d440 |
||